<?xml version="1.0" encoding="UTF-8"?>
<record
    xmlns:xsi="http://www.w3.org/2001/XMLSchema-instance"
    xsi:schemaLocation="http://www.loc.gov/MARC21/slim http://www.loc.gov/standards/marcxml/schema/MARC21slim.xsd"
    xmlns="http://www.loc.gov/MARC21/slim">

  <leader>00659    a2200181   4500</leader>
  <controlfield tag="001">134354</controlfield>
  <controlfield tag="003">OSt</controlfield>
  <controlfield tag="005">20210921151706.0</controlfield>
  <controlfield tag="008">                                        </controlfield>
  <datafield tag="020" ind1=" " ind2=" ">
    <subfield code="a">9788181437488</subfield>
  </datafield>
  <datafield tag="082" ind1=" " ind2=" ">
    <subfield code="a">891.438</subfield>
    <subfield code="b">S23A</subfield>
  </datafield>
  <datafield tag="100" ind1="1" ind2=" ">
    <subfield code="a">&#x936;&#x930;&#x94D;&#x92E;&#x93E;, &#x935;&#x93F;&#x936;&#x94D;&#x935;&#x92E;&#x93F;&#x924;&#x94D;&#x930;</subfield>
  </datafield>
  <datafield tag="245" ind1="1" ind2=" ">
    <subfield code="a">&#x914;&#x930;&#x924;&#x947; &#x92A;&#x93E;&#x915;&#x93F;&#x938;&#x94D;&#x924;&#x93E;&#x928; &#x92C;&#x928;&#x93E;&#x92E; &#x939;&#x93F;&#x928;&#x94D;&#x926;&#x941;&#x938;&#x94D;&#x924;&#x93E;&#x928;</subfield>
    <subfield code="c">by &#x935;&#x93F;&#x936;&#x94D;&#x935;&#x92E;&#x93F;&#x924;&#x94D;&#x930; &#x936;&#x930;&#x94D;&#x92E;&#x93E;</subfield>
  </datafield>
  <datafield tag="260" ind1=" " ind2=" ">
    <subfield code="a">&#x928;&#x908; &#x926;&#x93F;&#x932;&#x94D;&#x932;&#x940;</subfield>
    <subfield code="b">&#x935;&#x93E;&#x923;&#x940; &#x92A;&#x94D;&#x930;&#x915;&#x93E;&#x936;&#x928;</subfield>
    <subfield code="c">2004</subfield>
  </datafield>
  <datafield tag="300" ind1=" " ind2=" ">
    <subfield code="a">120p.</subfield>
  </datafield>
  <datafield tag="690" ind1=" " ind2=" ">
    <subfield code="a">Short stories, Hindi; Women--Social conditions; Pakistan; India</subfield>
  </datafield>
  <datafield tag="942" ind1=" " ind2=" ">
    <subfield code="2">ddc</subfield>
    <subfield code="c">BK</subfield>
  </datafield>
  <datafield tag="999" ind1=" " ind2=" ">
    <subfield code="c">7971</subfield>
    <subfield code="d">7971</subfield>
  </datafield>
  <datafield tag="952" ind1=" " ind2=" ">
    <subfield code="0">0</subfield>
    <subfield code="1">0</subfield>
    <subfield code="2">ddc</subfield>
    <subfield code="4">0</subfield>
    <subfield code="7">0</subfield>
    <subfield code="8">TXB</subfield>
    <subfield code="a">CURAJ</subfield>
    <subfield code="b">CURAJ</subfield>
    <subfield code="d">2012-10-09</subfield>
    <subfield code="e">HND</subfield>
    <subfield code="g">175.00</subfield>
    <subfield code="o">891.438 S23A</subfield>
    <subfield code="p">8084</subfield>
    <subfield code="r">2024-11-21</subfield>
    <subfield code="w">2020-09-02</subfield>
    <subfield code="y">BK</subfield>
  </datafield>
</record>
